000
00278nam a22001217a 4500
020
_a
NA
082
_2
22
_a
658.403
100
_a
Forgang, William G.
245
_a
Strategy specific decision making /
260
_b
Prentice Hall,
_c
c2004.
300
_a
0
_b
ill. ;
942
_2
ddc
_c
MAG
999
_c
4309
_d
4309